Word Ladder: Trump's North Korea Threat Quiz Stats

 Plays Quiz not verified by Sporcle

Score 0/40 Timer 05:00
0 Plays Today
Clue 4-Letter Word % Correct
Rabbit relativeHARE
92.1%
Cost of a cabFARE
91.7%
Unwanted garden plantWEED
91.4%
Place to get coal or diamondsMINE
90.1%
Fuse metal togetherWELD
89.7%
___ E. CoyoteWILE
89.7%
Give a job toHIRE
89.7%
' … ___ and …'FIRE
88.7%
Cause pain toHURT
88.7%
' … ___ …'WILL
88.4%
'... be met ____ … 'WITH
88.1%
Myers of 'Shrek'MIKE
88.1%
Source of waterWELL
87.7%
One of a genie's threesomeWISH
87.1%
Follower of the Dark SideSITH
86.8%
Term to address a kingSIRE
86.8%
Earth's satelliteMOON
86.8%
CruelMEAN
86.8%
Throw with great forceHURL
86.4%
LocationSITE
85.8%
Clue 4-Letter Word % Correct
Cry out in painMOAN
85.8%
Soft expensive furMINK
85.4%
Actor Bean of 'Game of Thrones'SEAN
84.1%
' …. has never ___.'SEEN
84.1%
Famous trumpeter AlHIRT
83.4%
SagaciousWISE
83.1%
' … ___ the world … 'LIKE
83.1%
Curds' milky partnerWHEY
82.8%
Adverb of timeWHEN
82.1%
Brother in a hoodMONK
79.5%
Fold up, like a flagFURL
79.1%
'___ …'THEY
77.5%
Lo-calLITE
77.5%
Alt rock band of 'Ocean Man'WEEN
77.2%
Drawer of fish to a hookLURE
76.8%
'… ___ … 'FURY
76.2%
Old-timey stringed instrumentLUTE
75.5%
An incompetent foolMOOK
75.5%
Pavel 'The Russian Rocket'BURE
58.3%
InterBURY
55.6%

You're not logged in!

Compare scores with friends on all Sporcle quizzes.
OR
Log In

Show Comments

Extras

Top Quizzes Today


Score Distribution

Your Account Isn't Verified!

In order to create a playlist on Sporcle, you need to verify the email address you used during registration. Go to your Sporcle Settings to finish the process.

Report this User

Report this user for behavior that violates our Community Guidelines.

Details: